00438nam a2200193Ia 4500003000900000008004100009040001300050040001300063041000800076100002700084245005500111250001200166260001200178260000900190300001100199300001000210490001800220490000600238IT-RoPAU120407s9999 xx 000 0 und d aIT-RoPAU cIT-RoPAU aita aAbraham Joshua Heschel aIl sabato. Il suo significato per l’uomo moderno aMilano  aRusconi c1972 a188 p. c22 cm aCultura nuova v1